000 01427nam0a22003251 4500
001 rc\260684
005 20030307121449.8
035 _a(NLR Aleph) 005533697
090 _a5636387
_c5636387
100 _a20030307d1990 u |0rusy50 ca
101 0 _arus
102 _aRU
105 _aa |||||||||
200 1 _aПодземная газификация угольных пластов
_fАйруни А.Т., д. т. н., Дмитрюк Н.Ф., Куликов И.О., к. т. н.
210 _aМ.
_cВИНИТИ
_d1990
215 _a115 с.
_cил.
_d21
225 1 _aРазработка месторождений твердых полезных ископаемых
_fВИНИТИ
_vТ. 49
225 1 _aИтоги науки и техники
_eСер.
225 1 _aСпециальные способы добычи
300 _aВ надзаг. также: Гос. ком. СССР по науке и технике, АН СССР
320 _aБиблиогр.: с. 100-102
320 _aОписано по 3 с. На тит. л. и обл. только загл. сер.
700 1 _aАйруни
_bА. Т.
_gАрсен Тигранович
701 1 _aДмитрюк
_bН. Ф.
_gНикандр Феодосьевич
701 1 _aКуликов
_bИ. О.
_gИгорь Онуфриевич
801 0 _aRU
_bNLR
_gpsbo
801 1 _aRU
_bELAR
_2rusmarc
852 _aNLR
_jП10/4605
942 _cBOOK
980 _aNB